Normal view
MARC view
- الفقه - فقه الحنفي
Entry Topical Term
001 - CONTROL NUMBER
- control field: 57820
003 - CONTROL NUMBER IDENTIFIER
- control field: JO-AjAnu
005 - DATE AND TIME OF LATEST TRANSACTION
- control field: 20230606083451.0
008 - FIXED-LENGTH DATA ELEMENTS
- fixed length control field: 230606|| aca||aabn | a|a d
040 ## - CATALOGING SOURCE
- Original cataloging agency: JO-AjAnu
- Transcribing agency: JO-AjAnu
150 ## - HEADING--TOPICAL TERM
- Topical term or geographic name entry element: الفقه - فقه الحنفي
670 ## - SOURCE DATA FOUND
- Source citation: Work cat.: (JO-AjAnu)29501: اعداد القدومي، احمد محمود يوسف؛ موفق محمد الدلالعة, author 57819, البناية في شرح الهداية للامام بدر الدين العيني من باب الاعتكاف الى فصل في دواعي الجماع (دراسة وتحقيق)=Study and editing of apart Albinayah Fi Sharh Alhidayah For Imam Badralddin Alayni Al-atikaf- Copulation's Reasons Chapters(Text Editing And Studying)